Rozsypanka literowa - stolice Europy - Statystyki

Ogólne statystyki
  • Ten quiz został rozwiązany 12 926 razy
  • Średni wynik to 12 z 20
Statystyki odpowiedzi
Stolica % Poprawnych
Oslo
89%
Kijów
86%
Mińsk
85%
Rzym
85%
Paryż
84%
Ryga
82%
Warszawa
82%
Wiedeń
76%
Wilno
76%
Reykjavík
75%
Praga
74%
Bratysława
70%
Sofia
70%
Budapeszt
67%
Vaduz
66%
Kopenhaga
64%
Madryt
64%
Zagrzeb
64%
Londyn
63%
Sztokholm
63%
Berlin
62%
Berno
62%
Moskwa
60%
Ateny
59%
Dublin
59%
Helsinki
59%
Amsterdam
57%
Monako
57%
Skopje
56%
Tallinn
52%
Belgrad
51%
Valletta
51%
Luksemburg
49%
Kiszyniów
48%
Bruksela
47%
Lizbona
47%
Sarajewo
46%
Tirana
46%
Bukareszt
44%
Lublana
40%
Podgorica
37%
Prisztina
36%
Nie znaleziono quizów pasujących do podanych kryteriów
Rozkład punktacji
Procent ludzi z każdym wynikiem
Percentyl według liczby udzielonych odpowiedzi
Twoja historia wyników
Nie rozwiązałeś tego quizu